Statistics for NBA 2K Covers

Click here to take the quiz!

General Stats

  • This quiz has been taken 8,452 times
  • The average score is 10 of 13

Answer Stats

HintAnswer% Correct
NBA 2K10Kobe Bryant
90%
NBA 2K13Kevin Durant, Blake Griffin & Derrick Rose
88%
NBA 2K11 | NBA 2K12Michael Jordan
86%
NBA 2K1 | NBA 2K2 | NBA 2K3 | NBA 2K4Allen Iverson
83%
NBA 2K6 | NBA 2K7Shaquille O'Neal
77%
NBA 2K9Kevin Garnett
63%
NBA 2K8Chris Paul
45%
NBA 2K5Ben Wallace
37%

Score Distribution

Percentile by Number Answered

Percent of People with Each Score

Your Score History

You have not taken this quiz